Films avec Steve Carell en images. - Statistiques

Statistiques générales
  • Ce quiz a été pris 14 fois
  • Le résultat moyen est 5 sur 15
Statistiques - réponses
Par images Réponse % Correct
Moi, moche et méchant
100%
Little Miss Sunshine
71%
40 ans, toujours puceau
64%
Crazy, Stupid, Love
43%
Evan tout-puissant
29%
Présentateur vedette : La Légende de Ron Burgundy
29%
The Big Short
29%
Nos voisins, les hommes
21%
My Beautiful Boy
14%
Vice
14%
Foxcatcher
7%
Jusqu'à ce que la fin du monde nous sépare
7%
Max la Menace
7%
Mountainhead
7%
The Dinner
7%
Aucun quiz correspondant
Distribution des résultats
% des personnes avec chaque résultat
Percentile par nombre de réponses
Votre historique - résultats
Vous n’avez pas pris ce quiz